Quizzes
Events
Quiz Creation
Community
Videos
Private Events
Remove Ads
Sign In
Join for FREE
Feedback
Dark Mode
Quiz Categories
Sports
Geography
Music
Movies
Television
Just For Fun
Miscellaneous
History
Literature
Language
Science
Gaming
Entertainment
Religion
Holiday
For Kids
Quiz Lab
Recent
Popular Today
Quiz Kudos Today
Editor Picks
Curator Picks
Quizzes by...
Day
Popularity
Type
Ratings
Length
Year
Community
Subscriptions
Recent Discussions
Orange Saloon
Badges
Playlists
Quests
Create
Leaderboards
Showdown
Live 5
Trivia Bingo
Activity
Puzzle Library
Sporcle Events
Private Events
Virtual Trivia
Globe League
Become a Host
Pub Owners
SporcleCon
Opinionation
Our Games
Videos
Blog
Mobile Apps
Partnerships
Remove Ads and Go Orange
Feedback
Music
Pop Music
The Beatles
Song
Album
Lyrics
Bands
Singers
Artist
Clip
Rock
Rap
Classical
Billboard
Country Music
Kpop
Taylor Swift
Music
Pop Music
The Beatles
Song
Album
Lyrics
Bands
Singers
Artist
Clip
Rock
Rap
Classical
Billboard
Country Music
Kpop
Taylor Swift
Random Quiz
Search Sporcle
×
Quiz Lab
Quiz Lab
Music
Song
Type in answers that appear in a list
Type in answers that appear in a list
Classic
Best Score? Go Orange.
U2 Complete Song Lyrics 71 Stats
Can you get all the lyrics to this U2 song?
By
CMIPalaeo
7m
205 Questions
71 Plays
71 Plays
71 Plays
Comments
Comments
Give Quiz Kudos
Give Quiz Kudos
-
- Ratings
hide this ad
Replay
Link that replays current quiz
Next Quiz
Link to next quiz in quiz playlist
You Got
0%
They Got
Avg Score
51%
Avg Friend Score
Upgrade to see
Score Distribution
Jump to the score distribution portion of the page
Score
0/205
Timer
07:00
0
Plays Today
% Correct
I
97.2%
I
97.2%
I
97.2%
I
97.2%
I
97.2%
I
97.2%
I
97.2%
I
97.2%
I
97.2%
I
97.2%
I
97.2%
I
97.2%
I
97.2%
I
97.2%
I
97.2%
I
97.2%
I
97.2%
I
97.2%
I
97.2%
I
97.2%
I
97.2%
you.
93%
you.
93%
you.
93%
you
93%
you
93%
you
93%
you?
93%
You
93%
you.
93%
you,
93%
you
93%
the
90.1%
the
90.1%
the
90.1%
the
90.1%
the
90.1%
the
90.1%
to
85.9%
to
85.9%
to
85.9%
to
85.9%
to
85.9%
be
83.1%
be
83.1%
in
81.7%
in
81.7%
in
81.7%
in
81.7%
in
81.7%
with
77.5%
with
77.5%
me,
77.5%
me.
77.5%
your
77.5%
me.
77.5%
with
77.5%
with
77.5%
can
73.2%
go.
71.8%
it,
71.8%
it,
71.8%
it
71.8%
it
71.8%
We
70.4%
can't
69%
my
69%
my
69%
my
69%
% Correct
my
69%
my
69%
will
69%
my
69%
can't
69%
my
69%
is
67.6%
so.
67.6%
If
63.4%
If
63.4%
If
63.4%
If
63.4%
of
63.4%
If
63.4%
of
63.4%
heart
60.6%
heart
60.6%
I'll
57.7%
I'll
57.7%
this
56.3%
this
56.3%
when
56.3%
When
56.3%
this
56.3%
but
54.9%
but
54.9%
but
54.9%
without
53.5%
it's
53.5%
it's
53.5%
like
49.3%
like
49.3%
like
49.3%
like
49.3%
like
49.3%
like
49.3%
out,
49.3%
out.
49.3%
like
49.3%
like
49.3%
could
45.1%
could
45.1%
could
45.1%
I'd
42.3%
I'd
42.3%
I'd
42.3%
I'd,
42.3%
I'd
42.3%
had
42.3%
had
42.3%
I'd
42.3%
her
40.8%
her
40.8%
now
40.8%
up.
40.8%
sing
35.2%
Sing
35.2%
sing
35.2%
sing
35.2%
sing
35.2%
sing
35.2%
Sing
35.2%
sing
35.2%
Sing
35.2%
run
35.2%
going
33.8%
song,
32.4%
song,
32.4%
time,
32.4%
% Correct
song.
32.4%
song
32.4%
song,
32.4%
time
32.4%
song.
32.4%
take
31%
let
31%
By
29.6%
get
29.6%
feel
28.2%
feel
28.2%
feel
28.2%
life,
28.2%
life
28.2%
should
28.2%
make
28.2%
two.
25.4%
think
25.4%
tell
23.9%
tell.
23.9%
stay
22.5%
arms.
22.5%
hand,
21.1%
though
19.7%
breaks
18.3%
right.
18.3%
away.
18.3%
good
15.5%
times
15.5%
place,
15.5%
world
15.5%
good
15.5%
times,
15.5%
wrong.
15.5%
old
14.1%
old
14.1%
old
14.1%
myself
14.1%
same
12.7%
same
12.7%
same
12.7%
enough
12.7%
enough
12.7%
mostly
9.9%
feeling
9.9%
beside
9.9%
beside
9.9%
stand,
9.9%
smile,
8.5%
loud.
8.5%
Smile,
8.5%
Touch
8.5%
swim,
8.5%
swim
8.5%
circles.
7%
drown,
7%
drown
7%
watch
5.6%
watch,
5.6%
Somebody
5.6%
felt
4.2%
Dump
4.2%
dump
4.2%
alright.
4.2%
save...
4.2%
probably
1.4%
sigh,
1.4%
Quiz Playlist
Details
Report
Send in Message
Add To Playlist
Classic:
Type in answers that appear in a list
Last Updated: Feb 16, 2017
Quiz Scoreboard
CHALLENGE
Sign Up to Join the Scoreboard
Show All
Scores
Hide
Comments
May contain spoilers
Recently Published
Presidents Visiting Landmarks
by Hejman
History
7m
An Introduction to Baseball
by treessimontrees
Sports
5m
Movies - When Are They Set?
by FPL_Elf
Movies
5m
More to Explore
Quiz From the Vault
Featured Blog Post
Where Did the Easter Bunny Come From?
hide this ad
You Might Also Like...
Tags
Song Quiz
complete
Today's Top Quizzes in Music
Browse Music
hide this ad
Today's Top Quizzes in Song
Browse Song
Top Contributed Quizzes in Music
1
Taylor Swift All Songs (2024)
2
Guess the Artist- 70s Songs
3
7-to-1: Billboard Hot 100 #1 Hits of 2010s
4
Sorting Albums and Songs
5
Taylor Swift Logic Puzzle
6
One Thing in Common: Music
7
2010s Album by Cover III
8
KPOP LOGIC QUIZ
9
Guess the Taylor Swift song (Mystery Song)
10
Guess the Artist- 80s Songs
Explore More
Trending Topics
Disney
Crossword
Kpop
NBA
Marvel
Harry Potter
Anime
WWE
Song
Country
Pokémon
Puzzle
NFL
The Office
Soccer
hide this ad
More By:
CMIPalaeo
Quiz
Plays
Rating
Category
Featured
Created
Small Carnivorans Slideshow
13,366
4.44
Science
Feb 9, 2017
One-Second Beatles
4,656
4.55
Music
Jul 8, 2015
Doctor Who or The Twilight Zone?
2,721
4.50
Television
Jan 18, 2016
Steven Universe Gem Fusions
2,675
4.88
Television
Jul 18, 2015
Geologic Time Multiple Choice
2,675
3.33
Science
Sep 7, 2016
Go to Creator's Profile
Score Distribution
Quiz Creator Spotlight
CMIPalaeo
Follow
Send a Message
Quizzes Created
-
Created Quiz Play Count
-
More By This Creator
Popular Quizzes Today
1
Find the US States - No Outlines Minefield
2
Find the Countries of Europe - No Outlines Minefield
3
The Countries of the World
4
Find the US States
5
Popular People in 1961
6
US States
7
Risky Map Clicking: Biggest States A-Z
8
Movies - When Are They Set?
More Music Quizzes
Songs on Bringing It All Back Home
Published
Trending Quizzes
Risky Map Clicking: Least Populous States A-Z
1-10 Letter G Words
1-10 Letter F Words
Risky Map Clicking: Next State Alphabetically
Risky Map Clicking: Biggest States A-Z
Recently Updated
Leaping Animals
pecheneg
Reality TV Shows (A-Z)
bhenderson79
Rickey Henderson's Hall of Fame Teammates
pecheneg
Champions League XIs: Arsenal
pecheneg
Quick Pick: Celebrities in WWE's Hall of Fame
aduchscher
A-Z Keypad Blitz II
pecheneg
Multiple Oscar Actors
pecheneg
Mystery Phrase Blitz: Oscar 'Best Actors'
pecheneg
F. Scott Fitzgerald Novels
LTH
Pick 3 Villains
ddd62291
Trending Topics
Disney
Harry Potter
Anime
Kpop
Crossword
Marvel
NBA
Song
Puzzle
NFL
Pokémon
The Office
Country
WWE
Soccer
Your Account Isn't Verified!
In order to create a playlist on Sporcle, you need to verify the email address you used during registration. Go to your
Sporcle Settings
to finish the process.
Report this User
Report this user for behavior that violates our
Community Guidelines
.
Details:
Send Report
Go to the Sporcle.com Mobile Site →
Comments